The end of the free market : (Record no. 52496)
[ view plain ]
| 000 -LEADER | |
|---|---|
| fixed length control field | 02644nam a22003857a 4500 |
| 005 - DATE AND TIME OF LATEST TRANSACTION | |
| control field | 2011052001391.0 |
| 010 ## - LCCN (DPL NO) | |
| LC control number | B-430576-577 B-440940-944 |
| 020 ## - INTERNATIONAL STANDARD BOOK NUMBER | |
| International Standard Book Number | 9781591843016 |
| Terms of availability | $19.99 |
| 020 ## - INTERNATIONAL STANDARD BOOK NUMBER | |
| International Standard Book Number | 9781591843016 |
| Terms of availability | 899.35 |
| 020 ## - INTERNATIONAL STANDARD BOOK NUMBER | |
| International Standard Book Number | 9781591843016 |
| 035 ## - SYSTEM CONTROL NUMBER | |
| System control number | B-430576-577 |
| 035 ## - SYSTEM CONTROL NUMBER | |
| System control number | B-440940-944 |
| 037 ## - SOURCE OF ACQUISITION | |
| Source of stock number/acquisition | RBC/VEN |
| 037 ## - SOURCE OF ACQUISITION | |
| Source of stock number/acquisition | Researchco Book Centre |
| 082 ## - DEWEY DECIMAL CLASSIFICATION NUMBER | |
| Classification number | 330.122 |
| 100 ## - MAIN ENTRY--PERSONAL NAME | |
| Personal name | Bremmer, Ian, |
| Dates associated with a name | 1969- |
| 245 ## - TITLE STATEMENT | |
| Title | The end of the free market : |
| Remainder of title | who wins the war between states and corporations? / |
| Statement of responsibility, etc | Ian Bremmer |
| 260 ## - PUBLICATION, DISTRIBUTION, ETC. (IMPRINT) | |
| Place of publication, distribution, etc | New Delhi |
| Name of publisher, distributor, etc | Penguin Books India |
| Date of publication, distribution, etc | 2010 |
| 300 ## - PHYSICAL DESCRIPTION | |
| Extent | 230 p. ; |
| Dimensions | 24cm. (Hb) |
| 500 ## - GENERAL NOTE | |
| General note | Includes bibliographical references and index. |
| 650 ## - SUBJECT ADDED ENTRY--TOPICAL TERM | |
| Topical term or geographic name as entry element | Capitalism |
| Geographic subdivision | Communist countries |
| 650 ## - SUBJECT ADDED ENTRY--TOPICAL TERM | |
| Topical term or geographic name as entry element | Capitalism |
| Geographic subdivision | Developing countries. |
| 650 ## - SUBJECT ADDED ENTRY--TOPICAL TERM | |
| Topical term or geographic name as entry element | Government ownership |
| Geographic subdivision | Communist countries |
| 650 ## - SUBJECT ADDED ENTRY--TOPICAL TERM | |
| Topical term or geographic name as entry element | Government ownership |
| Geographic subdivision | Developing countries. |
| 942 ## - ADDED ENTRY ELEMENTS (KOHA) | |
| Source of classification or shelving scheme | Dewey Decimal Classification |
| Item type | English Books |
| Classification part | 330.122 |
| Call number suffix | BRE |
| Withdrawn status | Lost status | Not for loan | Collection code | Home library | Current library | Date acquired | Source of acquisition | Cost, normal purchase price | Full call number | Barcode | Copy number | Cost, replacement price | Koha item type |
|---|---|---|---|---|---|---|---|---|---|---|---|---|---|
| Non-fiction | Central Library | Central Library | 27/05/2011 | RBC-22612/2010-11/26-03-11/76/04-03-11/31-03-11 | 899.35 | 330.122 BRE | B-430576 | 1 | 899.35 | English Books | |||
| Non-fiction | Central Library | Central Library | 03/08/2011 | Researchco Book Centre/RBC-25096/2011-12/R/20.4.11/76/4.3.11/9.6.11 | 899.35 | 330.122 BRE | B-440940 | 1 | 899.35 | English Books | |||
| Non-fiction | Karol Bagh | Karol Bagh | 03/08/2011 | Researchco Book Centre/RBC-25096/2011-12/R/20.4.11/76/4.3.11/9.6.11 | 899.35 | 330.122 BRE | B-440943 | 1 | 899.35 | English Books | |||
| Non-fiction | Patel Nagar | Patel Nagar | 27/05/2011 | RBC-22612/2010-11/26-03-11/76/04-03-11/31-03-11 | 899.35 | 330.122 BRE | B-430577 | 1 | 899.35 | English Books | |||
| Non-fiction | Sarojini Nagar | Sarojini Nagar | 03/08/2011 | Researchco Book Centre/RBC-25096/2011-12/R/20.4.11/76/4.3.11/9.6.11 | 899.35 | 330.122 BRE | B-440941 | 1 | 899.35 | English Books | |||
| Non-fiction | Sarojini Nagar | Sarojini Nagar | 03/08/2011 | Researchco Book Centre/RBC-25096/2011-12/R/20.4.11/76/4.3.11/9.6.11 | 899.35 | 330.122 BRE | B-440942 | 1 | 899.35 | English Books | |||
| Non-fiction | Shahdara Branch | Shahdara Branch | 03/08/2011 | Researchco Book Centre/RBC-25096/2011-12/R/20.4.11/76/4.3.11/9.6.11 | 899.35 | 330.122 BRE | B-440944 | 1 | 899.35 | English Books |
